Biografies dels Reis de Valencia (Record no. 107617)

MARC details
000 -LEADER
campo de control de longitud fija 00648nam a2200169 4500
001 - NÚMERO DE CONTROL
campo de control 107617
003 - IDENTIFICADOR DE NÚMERO DE CONTROL
campo de control ES-MaACL
005 - FECHA Y HORA DE LA ÚLTIMA TRANSACCIÓN
campo de control 20230906184445.0
007 - CAMPO FIJO DE DESCRIPCIÓN FÍSICA--INFORMACIÓN GENERAL
campo de control de longitud fija t|
008 - DATOS DE LONGITUD FIJA--INFORMACIÓN GENERAL
campo de control de longitud fija 061121s1957 sp r ||||1| cat d
100 1# - ENTRADA PRINCIPAL--NOMBRE DE PERSONA
Nombre de persona Moscardó Cervera, Federico.
9 (RLIN) 83741
245 10 - MENCIÓN DEL TÍTULO
Título Biografies dels Reis de Valencia
Resto del título : d'en Jaime I el Conqueridor fins en Ferran II el Catolic /
Mención de responsabilidad, etc. por Mossén Frederic Moscardo i Cervera; próleg de Josep Cano i Marqués.
260 ## - PUBLICACIÓN, DISTRIBUCIÓN, ETC.
Lugar de publicación, distribución, etc. Valencia :
Nombre del editor, distribuidor, etc. [s.n],
Fecha de publicación, distribución, etc. 1957 (
Fabricante Imp.Sucs. de Vives Mora)
300 ## - DESCRIPCIÓN FÍSICA
Extensión 207 p., 13 lám :
Otras características físicas il. ;
Dimensiones 17 cm.
700 1# - ENTRADA AGREGADA--NOMBRE PERSONAL
Nombre de persona Cano i Marqués, Josep.
9 (RLIN) 34551
852 ## - LOCALIZACIÓN
Ubicación ES-MaACL
Número de control de estantería C-13986
Sublocalización o colección R.41766
Holdings
Estatus retirado Estado de pérdida Estado de daño No para préstamo Biblioteca de origen Biblioteca actual Ubicación en estantería Fecha de adquisición Fuente de adquisición Total de préstamos Signatura topográfica completa Código de barras Visto por última vez Precio de reemplazo Tipo de ítem Koha
        Biblioteca del Ateneo de Madrid Biblioteca del Ateneo de Madrid Sala Palomar 17/01/2008     C-13986 1112311 23/02/2023 23/02/2023 Libro impreso